Enigmas del pasado /
Guardado en:
| Autor Principal: | |
|---|---|
| Formato: | |
| Materias: | |
| Etiquetas: |
Agregar Etiqueta
Sin Etiquetas, Sea el primero en etiquetar este registro!
|
| LEADER | 00900ngm a22002655g 4500 | ||
|---|---|---|---|
| 001 | CEM.cems022084 | ||
| 008 | 130507b1994##################0###0#####d | ||
| 005 | 20241003162345.0 | ||
| 245 | 1 | 0 | |a Enigmas del pasado / |c Eduardo Terrile. |
| 300 | |a 38'. | ||
| 500 | |a En soporte VHS, consultar en ventanilla. | ||
| 505 | 0 | |a La ciudad de Lima. Características. El Inti-Huasi. La ciudadela de Machu-Pichu. Costumbres incas. Cuzco. Las líneas de Nazca. Enigmas del Perú. | |
| 538 | |a Soporte: VHS - Norma: Pal N - Color - Grabación DRD 1994 - Hitachi=0000 | ||
| 100 | 1 | |a Terrile, Eduardo | |
| 082 | 9 | 8 | |. 01/TER |
| 653 | |a PERU, HISTORIA DEL | ||
| 653 | |a PERU | ||
| 653 | |a LIMA | ||
| 653 | |a INTI HUASI | ||
| 653 | |a MACHU PICHU | ||
| 653 | |a INCAS | ||
| 653 | |a CUZCO | ||
| 653 | |a NAZCA | ||
| 653 | |a NIVEL SECUNDARIO | ||
| 859 | |a CEMS |b BIB. CEMS - Depto. Recursos Didacticos |h 980.01 |i TER |k DRD |p 727.12 |t Ej.1 | ||
